Diseño de abastecimiento de agua potable y saneamiento de aguas residuales en la comarca del Regadío del departamento de Estelí, 2018

Se describe cada uno de los aspectos necesarios para llegar al sistema de abastecimiento de agua potable de la comarca regadío y el alcantarillado sanitario, con un periodo de 20 años (2018-2038), el sistema de abastecimiento de agua potable fue diseñado de la letrina de foso seco ventilado, diag...

Full description

Bibliographic Details
Main Authors: Kontorovsky Sánchez, Jacob Moisés, Mairena Hernández, Mildred Karelia, Espinoza Lanuza, Oscar Emin
Other Authors: Tutor: Baltodano Maldonado, José Ángel
Format: Tesis Section = Libro
Language:Undetermined
Spanish
Published: Managua UNI/RUACS 2018
Subjects:
LEADER 01811nam a2200289Ia 4500
008 240830s9999 xx 000 0 und d
040 |a BIBLIOTECA-RUPAP Mon 628.72 K82 
041 |a spa 
082 |a Mon 628.72 K82 
100 1 |a Kontorovsky Sánchez, Jacob Moisés 
100 1 |b  Mairena Hernández, Mildred Karelia 
100 1 |c  Espinoza Lanuza, Oscar Emin 
245 1 0 |a Diseño de abastecimiento de agua potable y saneamiento de aguas residuales en la comarca del Regadío del departamento de Estelí, 2018 
260 |a Managua  |b UNI/RUACS  |c 2018 
300 |a 122 p. :il. 
500 |a Contiene: anexos y CD. 
502 |a Tesis (Ingeniero Civil)- UNI, 2018. 
520 3 |a Se describe cada uno de los aspectos necesarios para llegar al sistema de abastecimiento de agua potable de la comarca regadío y el alcantarillado sanitario, con un periodo de 20 años (2018-2038), el sistema de abastecimiento de agua potable fue diseñado de la letrina de foso seco ventilado, diagnóstica la situación actual de la red de distribución de agua potable de la comarca Regadío, rediseña la red de distribución de agua potable aplicando las normas vigentes a través del levantamiento topográfico , diseña el sistema de alcantarillado sanitario con la planta de saneamiento de agua residual, determina los costos del sistema de abastecimiento de agua potable y tratamiento de agua residual basados en guía de costos FISE y normas de la construcción. 
650 7 |a AGUA POTABLE 
650 7 |b ABASTECIMIENTO DE AGUA 
650 7 |c RED DE DISTRIBUCION DE AGUA-DISEÑO Y CONSTRUCCION 
650 7 |d SANEAMIENTO DE AGUAS RESIDUALES 
650 7 |e TRATAMIENTO DE AGUAS RESIDUALES 
700 1 |a Tutor:  |b Baltodano Maldonado, José Ángel 
942 |c BK  |2 ddc 
991 |a TESIS 
999 |c 16516